02128nas a2200337 i 4500001000700000003000900007005001700016007000300033008004100036080002000077110007400097245010100171260005500272300002000327505090300347700003401250700003201284700002801316700003801344700003401382700005701416700005001473700004301523700002701566700003901593700001901632700003101651700004301682700004501725852002001770173213ES-MaACL20250928125235.0t|091118c18931897sp a| | 1 ||pa d a5 : 061.12(460)2 aReal Academia de Ciencias Exactas, Físicas y Naturales de España.10aDiscursos leídos ante la Real Academia de Ciencias Exactas, Físicas y Naturales g1893-1897. aMadrid : b[s. n.], c1893 (fImp. de Luis Aguado) a1 v. ; c26 cm.8 aContiene: T. IV: Concepto de la especia y sus límites naturales / Justo Egózcue y Cia (98 p.). Contestación / Daniel de Cortázar (p. 99-134). Reseña de los medios empleados / Eduardo Torroja y Caballé (72 p.). Contestación / Francisco de Paula Arrillaga (p. 73-96). Uso de las aguas en España / Amós Salvador (52). Contestación / José Echegaray (p. 53-76). Tendencias de la química moderna / Ricardo Becerro de Bengoa (52 p.). Contestación / Gabriel de la Puerta (p. 53-70). Lo invisible y lo desconocido / Juan Navarro Reverter (65 p.). Contestación / Manuel Becerra (p. 67-85). Importancia de la química en la construcción / Manuel Pardo (42 p.). Contestación / Alberto Bosch (p. 43-66). El concepto de las academias de ciencias, distinto según los tiempos y países / Práxedes Mateo Sagasta (32 p.). Contestación / Cipriano Segundo Montesino (p. 33-66).1 aEchegaray, José,d1832-19161 aBecerra, Manuel,d1823-18961 aEgózcue y Cia, Justo.1 aCortázar y Larrubia, Daniel de.1 aTorroja, Eduardo, d1847-19181 aArrillaga y de Garro, Francisco de Paula,d1846-19201 aSalvador y Rodrigáñez, Amós,d1845-19221 aBecerro de Bengoa, Ricardo,d1845-19021 aPuerta, Gabriel de la.1 aNavarro Reverter, Juan,d1844-19241 aPardo, Manuel.1 aBosch, Alberto,d1848-19001 aMateo Sagasta, Práxedes, d1825-19031 aMontesino, Cipriano Segundo, d1817-1901 aES-MaACLjK-206